Central Library OPAC University of Rajshahi

The I ching, or, Book of changes / (Record no. 30599)

MARC details
000 -LEADER
fixed length control field 00761nam a2200229 a 4500
001 - CONTROL NUMBER
control field 30599
003 - CONTROL NUMBER IDENTIFIER
rucl marc code BD-RjUL
005 - DATE AND TIME OF LATEST TRANSACTION
control field 20211209051604.0
008 - FIXED-LENGTH DATA ELEMENTS--GENERAL INFORMATION
fixed length control field 140410s1951 enk 000 0 eng d
035 ## - SYSTEM CONTROL NUMBER
System control number (BD-RjUL)30685
040 ## - CATALOGING SOURCE
Original cataloging agency WAU
Transcribing agency WAU
Modifying agency BD-RjUL
Language of cataloging eng
041 1# - LANGUAGE CODE
Language code of text/sound track or separate title eng
Language code of original chi
082 ## - DEWEY DECIMAL CLASSIFICATION NUMBER
Classification number 181.1
Author mark and year ICH V-2 1951
245 14 - TITLE STATEMENT
Title The I ching, or, Book of changes /
Statement of responsibility, etc. the Richard Wilhelm translation rendered into English by Cary F. Baynes ; Foreword by C.G. Jung
Number of part/section of a work VOLUME II.
260 ## - PUBLICATION, DISTRIBUTION, ETC. (IMPRINT)
Place of publication, distribution, etc. London :
Name of publisher, distributor, etc. Routledge & Kegan Paul,
Date of publication, distribution, etc. 1951
300 ## - PHYSICAL DESCRIPTION
Pagination 375 p. :
Illustrations ill. ;
Size 25 cm.
500 ## - GENERAL NOTE
General note Vol. 1 has added t.p. in Chinese
700 1# - ADDED ENTRY--PERSONAL NAME
Personal name Baynes, Cary F.
Personal name Wilhelm, Richard,
Dates associated with a name 1873-1930.
942 ## - ADDED ENTRY ELEMENTS (KOHA)
Source of classification or shelving scheme Dewey Decimal Classification
Koha item type Books
Holdings
Lost status Source of classification or shelving scheme Damaged status Not for loan Collection code Permanent Location Current Location Shelving location Date acquired Source of acquisition Cost, normal purchase price Total Checkouts Full call number Date last seen Copy number Koha item type
  Dewey Decimal Classification   Not For Loan Non-fiction Central Library, University of Rajshahi Central Library, University of Rajshahi Reading Room 10/09/1955 B. H. Blackwell 2.11   181.1 ICH V-2 1951 10/04/2014 C-1 Books